| 000 | 00650cam a22002054a 4500 | ||
|---|---|---|---|
| 020 | _a0072193883 | ||
| 040 | _cDLC | ||
| 082 | 0 | 0 | _a005 OSB 2001 A002 Or. |
| 100 | 1 | _aBrown, Bradley D. | |
| 245 | 1 | 0 | _aOracle9i Web development / |
| 260 |
_aNew York : _bOsborne/McGraw-Hill, _cc2001. |
||
| 300 |
_alx, 1119 p. : _bill. ; _c23 cm. |
||
| 500 | _aIncludes index. | ||
| 650 | 0 | _aComputer software | |
| 650 | 0 | _aWorld Wide Web. | |
| 856 | 4 | 2 | _uhttp://www.loc.gov/catdir/bios/mh042/2001281128.html |
| 856 | 4 | 2 | _uhttp://www.loc.gov/catdir/description/mh024/2001281128.html |
| 856 | 4 | 1 | _uhttp://www.loc.gov/catdir/toc/mh023/2001281128.html |
| 942 | _cEK | ||
| 999 |
_c16490 _d16490 |
||